[Event "South Island Championships"]
[Site "Dunedin NZL"]
[Date "2012.10.11"]
[Round "4.8"]
[White "Johnson, Quentin J F"]
[Black "Nicholls, Leighton"]
[Result "1-0"]
[WhiteElo "2102"]
[BlackElo "1686"]
[PlyCount "97"]
[EventDate "2012.10.14"]

1. d4 Nf6 2. c4 e6 3. Nf3 c5 4. d5 d6 5. Nc3 Be7 6. e4 O-O 7. h3 e5 8. Bd3 Nbd7
9. Nh4 g6 10. Bh6 Re8 11. g3 Bf8 12. Qd2 Bxh6 13. Qxh6 a6 14. O-O-O Qe7 15. Kb1
Qf8 16. Qd2 b6 17. f4 Qg7 18. Nf3 Bb7 19. f5 gxf5 20. Nh4 fxe4 21. Nxe4 Nxe4
22. Bxe4 Nf6 23. Qd3 Bc8 24. g4 Nxe4 25. Qxe4 h6 26. Rdf1 Rf8 27. Rh2 Ra7 28.
Rhf2 Qh7 29. Qxh7+ Kxh7 30. Rf6 Rd8 31. Rxf7+ Rxf7 32. Rxf7+ Kg8 33. Rf6 Kg7
34. Rg6+ Kh7 35. Kc2 h5 36. Kd3 hxg4 37. hxg4 Rg8 38. Rxd6 Rxg4 39. Nf3 e4+ 40.
Ke3 exf3 41. Rc6 Bf5 42. b3 Rg6 43. d6 Kg7 44. Kxf3 Rf6 45. Rxb6 a5 46. Kf4
Bb1+ 47. Ke5 Kf7 48. Rb7+ Kg6 49. d7 1-0

[Event "South Island Championships"]
[Site "Dunedin NZL"]
[Date "2012.10.11"]
[Round "4.9"]
[White "Duffield, Terence"]
[Black "Dolejs, Dan"]
[Result "1/2-1/2"]
[WhiteElo "1668"]
[BlackElo "1878"]
[PlyCount "93"]
[EventDate "2012.10.14"]

1. e4 d5 2. exd5 Nf6 3. d4 Nxd5 4. c4 Nb6 5. Nc3 Bf5 6. Be3 e6 7. Bd3 Bg6 8.
Nf3 Bb4 9. O-O Nc6 10. Re1 Bxd3 11. Qxd3 O-O 12. Ng5 g6 13. Nge4 Ne5 14. Qe2
Nexc4 15. Bh6 Re8 16. Bg5 Be7 17. Bxe7 Qxe7 18. b3 Nd6 19. Qf3 Nxe4 20. Nxe4
Nd5 21. Rac1 c6 22. Rc5 Kg7 23. Qg3 Rac8 24. Nd6 b6 25. Nf5+ exf5 26. Rxe7 Rxe7
27. Rc1 f4 28. Qf3 Rce8 29. h3 Re1+ 30. Rxe1 Rxe1+ 31. Kh2 Ra1 32. Qe2 a5 33.
Qe5+ f6 34. Qd6 Rc1 35. a3 g5 36. h4 gxh4 37. Qd7+ Kh8 38. Qc8+ Kg7 39. Qg4+
Kh8 40. Qxh4 Rc3 41. Qh5 Kg7 42. Qg4+ Kf7 43. Qh5+ Ke6 44. Qxh7 Rxb3 45. Qg8+
Kd6 46. Qf8+ Kd7 47. Qf7+ 1/2-1/2

[Event "South Island Championships"]
[Site "Dunedin NZL"]
[Date "2012.10.11"]
[Round "4.10"]
[White "Lyall, Simon"]
[Black "Rains, Timothy"]
[Result "1-0"]
[WhiteElo "1777"]
[BlackElo "1731"]
[PlyCount "137"]
[EventDate "2012.10.14"]

1. e4 c5 2. c3 Nc6 3. d4 cxd4 4. cxd4 g6 5. d5 Nb8 6. Qd4 f6 7. Nf3 Bg7 8. Bc4
Nh6 9. Nc3 O-O 10. O-O d6 11. Qe3 Nf7 12. Nd4 Ne5 13. Bd3 Nxd3 14. Qxd3 Na6 15.
Ne6 Bxe6 16. dxe6 Nc7 17. f4 Nxe6 18. Qd5 Qc8 19. Be3 Rf7 20. Rac1 Nc7 21. Qb3
Na6 22. Nb5 Qd8 23. Nxa7 Nc5 24. Bxc5 dxc5 25. Nb5 b6 26. Rcd1 Qc8 27. Qc4 Qb7
28. Rd5 Kh8 29. Rfd1 Qc6 30. Rd7 Rff8 31. Na7 b5 32. Nxc6 bxc4 33. Rxe7 Rxa2
34. Rdd7 Rg8 35. Nd8 h5 36. Ne6 Rxb2 37. Nxg7 Ra8 38. Re8+ Rxe8 39. Nxe8 Kg8
40. Nxf6+ Kf8 41. Nd5 Rd2 42. Rc7 Rd4 43. Rxc5 Rxe4 44. g3 Kg7 45. Kf2 Rd4 46.
Ke2 Kf7 47. Ne3 Kf6 48. Rxc4 Rd6 49. Rc5 Ra6 50. h4 Ra2+ 51. Kf3 Ra3 52. Ke4
Ra4+ 53. Rc4 Ra5 54. Rc6+ Kg7 55. Kf3 Ra3 56. Rc5 Kf6 57. Rg5 Rb3 58. g4 hxg4+
59. Rxg4 Ra3 60. Rg5 Rb3 61. Re5 Ra3 62. Kg4 Ra1 63. Nd5+ Kg7 64. Re7+ Kf8 65.
Kg5 Rg1+ 66. Kf6 Rg4 67. Rh7 Kg8 68. Rh6 Rg1 69. Ne7+ 1-0

[Event "South Island Championships"]
[Site "Dunedin NZL"]
[Date "2012.10.11"]
[Round "4.11"]
[White "Milligan, Helen"]
[Black "Nijman, Arie J"]
[Result "1/2-1/2"]
[WhiteElo "1969"]
[BlackElo "1820"]
[PlyCount "118"]
[EventDate "2012.10.14"]

1. e4 e5 2. Nf3 Nc6 3. Bb5 Nf6 4. Qe2 d6 5. c3 Be7 6. d3 O-O 7. Nbd2 Nb8 8. Nf1
c6 9. Ba4 b5 10. Bb3 a5 11. Ng3 Qc7 12. O-O c5 13. a4 b4 14. Be3 Nc6 15. Rfd1
Ba6 16. Qc2 Rab8 17. c4 Bc8 18. h3 Re8 19. Qd2 Be6 20. Rf1 Qd7 21. Ng5 Bf8 22.
Bd1 h6 23. Nxe6 Qxe6 24. b3 Kh7 25. Nf5 Ng8 26. Ng3 g6 27. Bg4 Qe7 28. Rae1
Rbd8 29. Ne2 h5 30. Bf3 Bh6 31. Bxh6 Nxh6 32. g3 Rc8 33. Bg2 f6 34. Qd1 Rc7 35.
Kh2 Rf8 36. f4 f5 37. Qd2 Qf6 38. exf5 Nxf5 39. Bxc6 Rxc6 40. Ng1 Nd4 41. Qg2
Qg7 42. Ne2 Rc7 43. Nxd4 cxd4 44. fxe5 Rxf1 45. Qxf1 dxe5 46. Qe2 Re7 47. Kg2
Qf6 48. Qf2 Kg7 49. Qxf6+ Kxf6 50. Kf3 Ke6 51. Re4 Rf7+ 52. Kg2 g5 53. Re2 g4
54. hxg4 hxg4 55. Rf2 Rf5 56. Rxf5 Kxf5 57. Kf2 Ke6 58. Ke2 Kf6 59. Kf2 Ke6
1/2-1/2

[Event "South Island Championships"]
[Site "Dunedin NZL"]
[Date "2012.10.11"]
[Round "4.12"]
[White "Van Rooyen, Carlssen"]
[Black "Stevenson, Michael"]
[Result "0-1"]
[WhiteElo "1180"]
[BlackElo "1503"]
[PlyCount "146"]
[EventDate "2012.10.14"]

1. e4 d5 2. e5 Nc6 3. Nf3 Bg4 4. Bb5 Bd7 5. d4 e6 6. O-O Nxe5 7. Bxd7+ Nxd7 8.
Bf4 Ngf6 9. Nc3 Nh5 10. Qd2 Nxf4 11. Qxf4 Bd6 12. Qg5 Qxg5 13. Nxg5 O-O 14. a3
Nf6 15. h3 c5 16. Nb5 Be7 17. dxc5 Bxc5 18. Rfd1 a6 19. Nd4 Rac8 20. c3 Nh5 21.
g3 Nf6 22. Rac1 h6 23. Ngf3 Rfd8 24. b4 Bd6 25. Nd2 Be5 26. Kg2 Bxd4 27. cxd4
Nd7 28. Nf3 Nf6 29. Nd2 b5 30. Re1 Nd7 31. Nf3 Rc4 32. Red1 Rdc8 33. Rxc4 Rxc4
34. Ne1 Rc3 35. Rd3 Rc4 36. f4 Kf8 37. Nf3 f6 38. g4 Ke7 39. Kg3 Kf7 40. h4 Nf8
41. h5 Nh7 42. Kh4 Rc1 43. Kg3 Nf8 44. Kh3 Nd7 45. Kg3 Nb6 46. Kf2 Nc4 47. Nd2
Rc2 48. Ke1 Nxd2 49. Rxd2 Rxd2 50. Kxd2 g6 51. hxg6+ Kxg6 52. Ke3 f5 53. Kf3
fxg4+ 54. Kxg4 h5+ 55. Kh4 Kf5 56. Kg3 h4+ 57. Kf3 h3 58. Kg3 h2 59. Kxh2 Kxf4
60. Kg2 Ke4 61. Kf2 Kxd4 62. Ke2 e5 63. Kd2 Kc4 64. Ke3 Kc3 65. Ke2 d4 66. Kd1
d3 67. Kc1 e4 68. Kd1 e3 69. Ke1 Kc2 70. Kf1 d2 71. Ke2 d1=Q+ 72. Kxe3 Kc3 73.
Ke4 Kb3 0-1

[Event "South Island Championships"]
[Site "Dunedin NZL"]
[Date "2012.10.11"]
[Round "4.13"]
[White "Smith, Vivian J"]
[Black "Brockway, Andrew"]
[Result "1/2-1/2"]
[WhiteElo "1737"]
[BlackElo "1798"]
[PlyCount "71"]
[EventDate "2012.10.14"]

1. e4 c5 2. Nc3 g6 3. f4 Bg7 4. Nf3 Nc6 5. Bc4 e6 6. O-O Nge7 7. d3 d5 8. Bb5
O-O 9. Bxc6 Nxc6 10. e5 f6 11. exf6 Bxf6 12. Ne2 e5 13. Nxe5 Nxe5 14. fxe5 Bxe5
15. Rxf8+ Qxf8 16. c3 Qd6 17. g3 Bg4 18. Be3 Re8 19. Qd2 d4 20. Bf2 Qc6 21. Re1
Rf8 22. Nf4 Bxf4 23. gxf4 Bh3 24. Bg3 dxc3 25. bxc3 Rd8 26. Re3 Bf5 27. Bh4 Re8
28. Rxe8+ Qxe8 29. Bf2 b6 30. d4 cxd4 31. Bxd4 Qe4 32. Be5 Qb1+ 33. Kf2 Qc2 34.
Qxc2 Bxc2 35. Ke3 Kf7 36. Kd4 1/2-1/2

[Event "South Island Championships"]
[Site "Dunedin NZL"]
[Date "2012.10.11"]
[Round "4.14"]
[White "Gold, Hamish R"]
[Black "Jackson, L. Ross"]
[Result "1-0"]
[WhiteElo "1816"]
[BlackElo "1974"]
[PlyCount "71"]
[EventDate "2012.10.14"]

1. d4 d5 2. Nf3 Nf6 3. Bf4 e6 4. e3 Nbd7 5. Nbd2 c5 6. c3 b6 7. Bd3 Bb7 8. O-O
Be7 9. Ne5 Nxe5 10. Bxe5 O-O 11. Qf3 g6 12. Rae1 Nd7 13. Bf4 Nf6 14. Bh6 Re8
15. h4 Ne4 16. Nxe4 dxe4 17. Bxe4 Bxe4 18. Qxe4 cxd4 19. exd4 Bxh4 20. Bd2 Bg5
21. f4 Bf6 22. Qf3 Qd7 23. g4 Qd5 24. Qh3 Qxa2 25. Re2 Bg7 26. Rh2 h6 27. f5 g5
28. f6 Bf8 29. Bxg5 Bd6 30. Qxh6 Bxh2+ 31. Kxh2 Qxb2+ 32. Bd2 Qxd2+ 33. Qxd2
Kh7 34. Rf3 Rh8 35. Qg5 Rag8 36. Rh3# 1-0

[Event "South Island Championships"]
[Site "Dunedin NZL"]
[Date "2012.10.11"]
[Round "4.15"]
[White "Gloistein, Bruce"]
[Black "Clarkson, Robert D"]
[Result "1-0"]
[WhiteElo "1690"]
[BlackElo "1573"]
[PlyCount "97"]
[EventDate "2012.10.14"]

1. d4 Nf6 2. e3 e6 3. Nf3 d5 4. Bd3 Be7 5. O-O O-O 6. Nbd2 Nbd7 7. c3 c5 8. Re1
c4 9. Bc2 b5 10. e4 dxe4 11. Nxe4 Bb7 12. Ng3 Qb6 13. Bg5 Rfe8 14. Ne4 Rad8 15.
Qc1 Bd5 16. h3 Nxe4 17. Bxe4 Bxe4 18. Rxe4 Qc6 19. Qc2 f6 20. Bd2 Qd5 21. Rae1
Bd6 22. R4e2 Re7 23. Re4 Rde8 24. Rh4 Qf5 25. Rhe4 g5 26. Qd1 Qg6 27. Qc1 f5
28. R4e2 f4 29. Kf1 Nf6 30. Ne5 Qh5 31. f3 Nd5 32. Ng4 Qh4 33. Kg1 e5 34. Re4
Kg7 35. R1e2 Nf6 36. Be1 Qh5 37. Nxf6 Kxf6 38. Bf2 Qf7 39. h4 Rg8 40. Qd2 h6
41. dxe5+ Bxe5 42. Rxe5 Rxe5 43. Rxe5 Kxe5 44. Qd4+ Ke6 45. Qe4+ Kd7 46. Qb7+
Ke6 47. Qc6+ Kf5 48. Qe4+ Kf6 49. Bd4# 1-0

[Event "South Island Championships"]
[Site "Dunedin NZL"]
[Date "2012.10.12"]
[Round "5.1"]
[White "Lane, Gary W"]
[Black "Johansen, Darryl K"]
[Result "1/2-1/2"]
[WhiteElo "2391"]
[BlackElo "2446"]
[PlyCount "26"]
[EventDate "2012.10.14"]

1. e4 c5 2. Nf3 d6 3. Bb5+ Bd7 4. Bxd7+ Qxd7 5. c4 Nc6 6. Nc3 g6 7. d4 cxd4 8.
Nxd4 Bg7 9. Be3 Nf6 10. f3 O-O 11. O-O Rac8 12. b3 a6 13. Na4 e6 1/2-1/2

[Event "South Island Championships"]
[Site "Dunedin NZL"]
[Date "2012.10.12"]
[Round "5.2"]
[White "Wansink, Robert"]
[Black "Lukey, Stephen G"]
[Result "1/2-1/2"]
[WhiteElo "2244"]
[BlackElo "2236"]
[PlyCount "22"]
[EventDate "2012.10.14"]

1. e4 e6 2. d4 d5 3. e5 c5 4. c3 Nc6 5. Nf3 Bd7 6. a3 c4 7. g3 Na5 8. Nbd2 Ne7
9. Bh3 Nc8 10. O-O Nb6 11. Ne1 Qc7 1/2-1/2

[Event "South Island Championships"]
[Site "Dunedin NZL"]
[Date "2012.10.12"]
[Round "5.3"]
[White "Koop, Thorben"]
[Black "Chan, Peng Kong"]
[Result "0-1"]
[WhiteElo "2165"]
[BlackElo "2245"]
[PlyCount "38"]
[EventDate "2012.10.14"]

1. Nf3 Nf6 2. g3 d5 3. Bg2 c6 4. O-O Bf5 5. d3 e6 6. Nbd2 h6 7. Qe1 Bh7 8. e4
Be7 9. Qe2 O-O 10. b3 a5 11. a4 Na6 12. Ba3 Bxa3 13. Rxa3 Nb4 14. Ne1 dxe4 15.
dxe4 Qd4 16. e5 Nfd5 17. Bxd5 cxd5 18. Nb1 Qb2 19. Ng2 Rfc8 0-1

[Event "South Island Championships"]
[Site "Dunedin NZL"]
[Date "2012.10.12"]
[Round "5.4"]
[White "Smith, Robert W"]
[Black "Fraemohs, Peter"]
[Result "1-0"]
[WhiteElo "2214"]
[BlackElo "1967"]
[PlyCount "77"]
[EventDate "2012.10.14"]

1. e4 e5 2. Nf3 Nc6 3. Bb5 Nge7 4. O-O a6 5. Ba4 Ng6 6. c3 b5 7. Bc2 Be7 8. d4
d6 9. a4 b4 10. d5 Nb8 11. cxb4 O-O 12. Be3 Nd7 13. Nc3 Nh4 14. Nxh4 Bxh4 15.
Qe2 Bg5 16. a5 Bxe3 17. Qxe3 Rb8 18. Na2 Nf6 19. Qe2 Bd7 20. Bd3 Bb5 21. Bxb5
Rxb5 22. Rfc1 Qd7 23. Rc6 Ra8 24. h3 g6 25. Qc4 Ne8 26. Nc3 Rbb8 27. b5 axb5
28. Nxb5 Rc8 29. b4 f5 30. Rc1 fxe4 31. Nxc7 Nxc7 32. Rxc7 Rxc7 33. Qxc7 Qf5
34. Qxd6 e3 35. fxe3 Qe4 36. Qc5 Rf8 37. d6 Qf5 38. Qc4+ Kh8 39. Rf1 1-0

[Event "South Island Championships"]
[Site "Dunedin NZL"]
[Date "2012.10.12"]
[Round "5.5"]
[White "Dowden, R. Anthony"]
[Black "Johnson, Quentin J F"]
[Result "1-0"]
[WhiteElo "2107"]
[BlackElo "2102"]
[PlyCount "78"]
[EventDate "2012.10.14"]

1. Nf3 d5 2. g3 c5 3. d4 e6 4. Bg2 Nf6 5. O-O Nbd7 6. c4 dxc4 7. Qc2 a6 8. a4
cxd4 9. Nxd4 Qc7 10. Na3 Bc5 11. Rd1 O-O 12. Nxc4 e5 13. Nb3 Ba7 14. Be3 Nb6
15. Na3 Qxc2 16. Nxc2 Nc4 17. Bc5 Bf5 18. Rdc1 Rfb8 19. Nb4 Nxb2 20. Bd6 Rc8
21. Bxb7 Rxc1+ 22. Rxc1 Rd8 23. Nc6 Rxd6 24. Ne7+ Kf8 25. Nxf5 Rd1+ 26. Rxd1
Nxd1 27. e3 Ng4 28. Bxa6 Ngxf2 29. Kf1 Ng4 30. h3 Ngxe3+ 31. Nxe3 Nxe3+ 32. Ke2
Ke7 33. a5 Kd6 34. Kd3 f5 35. Bb7 Nd5 36. a6 e4+ 37. Kd2 g5 38. Na5 Nb4 39. Ke2
Kc7 {Black lost on time.} 1-0

[Event "South Island Championships"]
[Site "Dunedin NZL"]
[Date "2012.10.12"]
[Round "5.6"]
[White "Dolejs, Dan"]
[Black "Lyall, Simon"]
[Result "1/2-1/2"]
[WhiteElo "1878"]
[BlackElo "1777"]
[PlyCount "106"]
[EventDate "2012.10.14"]

1. e4 e5 2. Nf3 Nf6 3. Nc3 Bb4 4. Nxe5 O-O 5. Nxf7 Kxf7 6. Bc4+ Ke8 7. e5 Qe7
8. O-O Bxc3 9. bxc3 Ng8 10. a4 Qh4 11. d4 Nh6 12. h3 Kd8 13. Qe2 Nc6 14. Kh2 b6
15. Bd5 Bb7 16. g3 Qe7 17. h4 Kc8 18. Bg5 Qe8 19. Be4 a5 20. Bxh7 Ba6 21. Bd3
Bxd3 22. cxd3 Qe6 23. f3 Qb3 24. c4 Nxd4 25. Qe4 Nc6 26. e6 Qb2+ 27. Kh3 Qe5
28. e7 Re8 29. d4 Qxe4 30. fxe4 Nxe7 31. Bxh6 gxh6 32. Rf6 Ng8 33. Rg6 Kb7 34.
e5 Re6 35. Rg7 d6 36. exd6 Rxd6 37. Rb1 Rxd4 38. c5 Rb4 39. Rc1 Rc8 40. c6+ Ka6
41. Ra1 b5 42. axb5+ Rxb5 43. g4 Rc5 44. Rg6 Rc3+ 45. Kg2 Ne7 46. Rxh6 Rxc6 47.
Rh7 Rc2+ 48. Kh3 Nd5 49. g5 Rc4 50. h5 Nf4+ 51. Kg4 Rf8 52. h6 Ng6+ 53. Kh5
Nf4+ 1/2-1/2

[Event "South Island Championships"]
[Site "Dunedin NZL"]
[Date "2012.10.12"]
[Round "5.7"]
[White "Cooper, Nigel"]
[Black "Rains, Edward"]
[Result "0-1"]
[WhiteElo "1761"]
[BlackElo "1881"]
[PlyCount "84"]
[EventDate "2012.10.14"]

1. f4 c5 2. g3 Nc6 3. Bg2 Nf6 4. e4 d6 5. d3 g6 6. Nf3 Bg7 7. O-O O-O 8. c3 Qb6
9. Qe2 Bd7 10. h3 Rae8 11. Nbd2 Nh5 12. Kh2 e5 13. Nc4 Qc7 14. fxe5 dxe5 15.
Qf2 b6 16. g4 Nf6 17. Qh4 b5 18. Bg5 Nxg4+ 19. hxg4 bxc4 20. Be3 Na5 21. Ng5 h6
22. Rxf7 Rxf7 23. Nxf7 Kxf7 24. Rf1+ Kg8 25. Bxh6 Be6 26. Bxg7 Qxg7 27. Rf6 Qh7
28. Kh3 Qxh4+ 29. Kxh4 cxd3 30. Bf3 Nc4 31. b3 Ne3 32. Kg5 Kh7 33. Rxg6 Rg8 34.
Rxg8 Bxg8 35. Kf6 d2 36. Kxe5 d1=Q 37. Bxd1 Nxd1 38. Kd6 c4 39. e5 Nxc3 40. e6
Ne4+ 41. Kd5 c3 42. Kxe4 c2 0-1

[Event "South Island Championships"]
[Site "Dunedin NZL"]
[Date "2012.10.12"]
[Round "5.8"]
[White "Aimers, Geoffrey"]
[Black "Duffield, Terence"]
[Result "1/2-1/2"]
[WhiteElo "1876"]
[BlackElo "1668"]
[PlyCount "66"]
[EventDate "2012.10.14"]

1. e4 d6 2. d4 g6 3. c4 Bg7 4. Nc3 Nf6 5. Nf3 O-O 6. Be2 Re8 7. O-O Nbd7 8. e5
dxe5 9. dxe5 Ng4 10. e6 Nde5 11. Nxe5 Nxe5 12. exf7+ Nxf7 13. Qxd8 Rxd8 14. Nd5
Rd7 15. Rb1 c6 16. Ne3 e6 17. Bg4 Re7 18. b3 Ne5 19. Ba3 Re8 20. Bh3 Nf7 21.
Rbd1 e5 22. Bxc8 Rexc8 23. Rd7 b6 24. Rfd1 Bf8 25. Bxf8 Rxf8 26. Ng4 Rfd8 27.
Rxd8+ Rxd8 28. Rxd8+ Nxd8 29. Nxe5 Kg7 30. f4 Kf6 31. Kf2 g5 32. Nd3 Ne6 33.
fxg5+ Kxg5 1/2-1/2

[Event "South Island Championships"]
[Site "Dunedin NZL"]
[Date "2012.10.12"]
[Round "5.9"]
[White "Stevenson, Michael"]
[Black "Nijman, Arie J"]
[Result "0-1"]
[WhiteElo "1503"]
[BlackElo "1820"]
[PlyCount "70"]
[EventDate "2012.10.14"]

1. e4 e5 2. Nf3 Nc6 3. Bc4 Nf6 4. d3 d6 5. c3 Be7 6. O-O O-O 7. Bb3 Na5 8. Bc2
c5 9. Nbd2 Nc6 10. Re1 b5 11. Nf1 a5 12. Bg5 Ng4 13. Be3 f5 14. h3 fxe4 15.
dxe4 Nf6 16. Ng3 Ra7 17. Bg5 Rc7 18. Bxf6 Rxf6 19. Qe2 Qf8 20. Bd1 c4 21. Qd2
Na7 22. Qe3 Rh6 23. Kh2 Rb7 24. Rb1 Bd8 25. Qd2 Qf4 26. Qe2 Bb6 27. Rf1 g5 28.
Ng1 g4 29. a3 Rg7 30. Rc1 gxh3 31. Qf3 hxg2+ 32. Kxg2 Qh4 33. Re1 Bh3+ 34. Nxh3
Qxh3+ 35. Kg1 Rxg3+ 0-1

[Event "South Island Championships"]
[Site "Dunedin NZL"]
[Date "2012.10.12"]
[Round "5.10"]
[White "Roberts, Michael H"]
[Black "Gloistein, Bruce"]
[Result "0-1"]
[WhiteElo "1836"]
[BlackElo "1690"]
[PlyCount "69"]
[EventDate "2012.10.14"]

1. d4 d5 2. c4 e6 3. Nc3 Nf6 4. Bg5 Be7 5. e3 Nbd7 6. Nf3 O-O 7. Rc1 c6 8. cxd5
Nxd5 9. Bxe7 Qxe7 10. Bd3 Nxc3 11. Rxc3 e5 12. Qc2 g6 13. O-O Re8 14. dxe5 Nxe5
15. Nxe5 Qxe5 16. Rc5 Qe7 17. b4 Bd7 18. Rc4 Rac8 19. h4 Qe5 20. Rc5 Qg7 21. h5
Re5 22. hxg6 hxg6 23. Rd1 Be6 24. a3 Re8 25. e4 Kh7 26. f4 Rxc5 27. Qxc5 Kg8
28. f5 b6 29. Qf2 gxf5 30. exf5 Bd5 31. Bf1 f6 32. Rd3 Re4 33. Be2 Kf8 34. Rg3
Rxe2 35. Qf4 0-1

[Event "South Island Championships"]
[Site "Dunedin NZL"]
[Date "2012.10.12"]
[Round "5.11"]
[White "Brockway, Andrew"]
[Black "Milligan, Helen"]
[Result "1/2-1/2"]
[WhiteElo "1798"]
[BlackElo "1969"]
[PlyCount "76"]
[EventDate "2012.10.14"]

1. e4 e5 2. Nf3 Nc6 3. Bb5 a6 4. Bxc6 dxc6 5. O-O f6 6. d4 exd4 7. Qxd4 Qxd4 8.
Nxd4 c5 9. Ne2 Bd7 10. Nbc3 O-O-O 11. Be3 b6 12. Rfd1 Ne7 13. Ng3 Nc6 14. Nd5
Re8 15. f3 Ne5 16. Bf2 Bc6 17. b3 Nd7 18. Be3 Ne5 19. Bf2 Rd8 20. Ne3 Bd6 21.
Ngf5 g6 22. Nxd6+ Rxd6 23. Rxd6 cxd6 24. Rd1 Kc7 25. Nd5+ Bxd5 26. Rxd5 Re8 27.
Bg3 Re6 28. Bxe5 dxe5 29. Kf2 c4 30. Ke3 cxb3 31. axb3 Re8 32. Kd3 Re6 33. Ke3
a5 34. Kd3 Rc6 35. Rb5 Rd6+ 36. Rd5 Rc6 37. Rb5 Rd6+ 38. Rd5 Rc6 1/2-1/2

[Event "South Island Championships"]
[Site "Dunedin NZL"]
[Date "2012.10.12"]
[Round "5.12"]
[White "Rains, Timothy"]
[Black "Gold, Hamish R"]
[Result "0-1"]
[WhiteElo "1731"]
[BlackElo "1816"]
[PlyCount "148"]
[EventDate "2012.10.14"]

1. d4 Nf6 2. c4 g6 3. Nc3 Bg7 4. Bf4 O-O 5. Nf3 d6 6. e4 Nfd7 7. Be2 e5 8. Bg5
f6 9. Bh4 Nc6 10. d5 Ne7 11. O-O h6 12. Nd2 f5 13. f3 f4 14. Bxe7 Qxe7 15. b4
b6 16. Nb3 Nf6 17. Qc2 g5 18. Kf2 g4 19. Rh1 Nh5 20. Ke1 Qh4+ 21. Kd2 Qf2 22.
Rag1 a5 23. Nd1 Qh4 24. b5 a4 25. Nc1 Bd7 26. a3 Nf6 27. Nd3 Ra7 28. Nb4 h5 29.
Kd3 Kf7 30. Rf1 gxf3 31. gxf3 Qg5 32. Rhg1 Qh6 33. Nc3 Qh7 34. Nc6 Raa8 35. Nd1
Bh3 36. Re1 Nd7 37. Kc3 Nc5 38. Nf2 Bd7 39. Nd3 Nb3 40. Ndb4 Bf6 41. Bf1 Rg8
42. Bd3 Bh4 43. Rb1 Nc5 44. Qe2 Rxg1 45. Rxg1 Rg8 46. Rxg8 Qxg8 47. Qf1 Bf6 48.
Bc2 h4 49. h3 Qg3 50. Na6 Bxh3 51. Qe2 Bg2 52. Bd1 h3 53. Nxc7 h2 54. Na8 h1=Q
55. Nxb6 Qge1+ 56. Kc2 Qxe2+ 57. Bxe2 Qe1 58. Bd1 Qe3 59. Nc8 Qd3+ 60. Kb2 Qxd1
61. Nxd6+ Kg6 62. Nb4 Nb3 63. Nc2 Nc5 64. b6 Qd3 65. Nb4 Bxf3 66. Nxd3 Nxd3+
67. Kc3 Nc5 68. b7 Nxb7 69. Nxb7 Bxe4 70. Nc5 Bf5 71. d6 e4+ 72. Kd2 e3+ 73.
Kc1 f3 74. d7 f2 0-1

[Event "South Island Championships"]
[Site "Dunedin NZL"]
[Date "2012.10.12"]
[Round "5.13"]
[White "Nicholls, Leighton"]
[Black "Clayton, Ben"]
[Result "1-0"]
[WhiteElo "1686"]
[BlackElo "1329"]
[PlyCount "67"]
[EventDate "2012.10.14"]

1. e4 e5 2. Nf3 Nc6 3. Bb5 a6 4. Ba4 b5 5. Bb3 d6 6. O-O Bg4 7. c3 Nf6 8. d3
Be7 9. Be3 O-O 10. Nbd2 d5 11. exd5 Nxd5 12. Bc2 Nxe3 13. fxe3 Bg5 14. Qe1 Be6
15. Nxg5 Qxg5 16. Nf3 Qh6 17. a4 Bg4 18. Qf2 Qf6 19. d4 exd4 20. exd4 Bf5 21.
Bxf5 Qxf5 22. Qg3 Rfc8 23. Ne5 Qe6 24. Rxf7 g6 25. Raf1 Nxe5 26. Qxe5 Qxe5 27.
dxe5 bxa4 28. Rd7 Rab8 29. Rff7 Rxb2 30. Rg7+ Kf8 31. Rdf7+ Ke8 32. e6 Rb1+ 33.
Kf2 Rb2+ 34. Ke3 1-0

[Event "South Island Championships"]
[Site "Dunedin NZL"]
[Date "2012.10.12"]
[Round "5.14"]
[White "Black, Ross"]
[Black "Smith, Vivian J"]
[Result "1/2-1/2"]
[WhiteElo "1821"]
[BlackElo "1737"]
[PlyCount "62"]
[EventDate "2012.10.14"]

1. e4 d6 2. f4 g6 3. Nf3 Bg7 4. Bc4 c6 5. Nc3 Nf6 6. Bb3 e6 7. d4 O-O 8. Be3
Nbd7 9. Qd2 b5 10. a3 a6 11. O-O-O Bb7 12. d5 exd5 13. exd5 c5 14. Ng5 Rc8 15.
Ne6 fxe6 16. dxe6 c4 17. exd7 Qxd7 18. Ba2 Kh8 19. Rhg1 Rfe8 20. Bd4 Qf7 21. h3
d5 22. g4 Ne4 23. Bxg7+ Qxg7 24. Nxe4 dxe4 25. Qe3 Rcd8 26. Bb1 Qe7 27. c3
Rxd1+ 28. Rxd1 Kg7 29. Rd4 Qe6 30. Kd2 Qe7 31. Ke2 Bc6 1/2-1/2

[Event "South Island Championships"]
[Site "Dunedin NZL"]
[Date "2012.10.12"]
[Round "5.15"]
[White "Jackson, L. Ross"]
[Black "Van Rooyen, Carlssen"]
[Result "1-0"]
[WhiteElo "1974"]
[BlackElo "1180"]
[PlyCount "75"]
[EventDate "2012.10.14"]

1. d4 d5 2. c4 c6 3. Nf3 Nf6 4. Qc2 g6 5. e3 Bf5 6. Qb3 Qc7 7. Nbd2 Bg7 8. Nh4
Be6 9. Qc2 Qd7 10. b3 O-O 11. Bb2 Qd6 12. Bd3 c5 13. dxc5 Qxc5 14. Bd4 Qd6 15.
c5 Qd7 16. Nhf3 Nc6 17. Bc3 Bf5 18. Bxf5 Qxf5 19. Qxf5 gxf5 20. Ke2 Ne4 21.
Bxg7 Kxg7 22. Nd4 Rac8 23. Nxf5+ Kf6 24. Nxe4+ dxe4 25. Ng3 Ke5 26. Rhd1 Rfd8
27. a3 e6 28. b4 a6 29. f4+ exf3+ 30. gxf3 f5 31. Nh5 f4 32. Nxf4 Kf5 33. Rxd8
Rxd8 34. Nd3 Ne5 35. e4+ Kf6 36. Nxe5 Kxe5 37. Ke3 h6 38. Rg1 1-0

[Event "South Island Championships"]
[Site "Dunedin NZL"]
[Date "2012.10.12"]
[Round "6.1"]
[White "Lane, Gary W"]
[Black "Chan, Peng Kong"]
[Result "1/2-1/2"]
[WhiteElo "2391"]
[BlackElo "2245"]
[PlyCount "58"]
[EventDate "2012.10.14"]

1. d4 d5 2. c4 c6 3. Nf3 Nf6 4. Qb3 dxc4 5. Qxc4 b5 6. Qc2 Bb7 7. Nbd2 Nbd7 8.
e3 Qb6 9. a4 a6 10. Nb3 e6 11. Bd2 Bd6 12. Be2 O-O 13. O-O Rac8 14. Rfc1 Rfe8
15. Nc5 e5 16. Ba5 Qa7 17. Nxb7 Qxb7 18. dxe5 Nxe5 19. Nxe5 Bxe5 20. Bf3 Qb8
21. g3 c5 22. axb5 axb5 23. Bc3 h5 24. Qf5 Bxc3 25. Rxc3 Re5 26. Qc2 Qb6 27.
Rd1 c4 28. Rd4 Rec5 29. b3 cxb3 {(=)} 1/2-1/2

[Event "South Island Championships"]
[Site "Dunedin NZL"]
[Date "2012.10.12"]
[Round "6.2"]
[White "Smith, Robert W"]
[Black "Wansink, Robert"]
[Result "1/2-1/2"]
[WhiteElo "2214"]
[BlackElo "2244"]
[PlyCount "69"]
[EventDate "2012.10.14"]

1. e4 c6 2. d4 d5 3. exd5 cxd5 4. Bd3 Nc6 5. c3 g6 6. Nf3 Nh6 7. O-O Bg7 8. Re1
O-O 9. Bf4 Qb6 10. Qb3 Qxb3 11. axb3 a6 12. b4 Bf5 13. Bf1 Bxb1 14. Raxb1 Nf5
15. Bd3 Bh6 16. Bxh6 Nxh6 17. b5 axb5 18. Bxb5 Na7 19. Bd3 e6 20. Ne5 Rfd8 21.
f4 Kf8 22. Ra1 Nc6 23. Nxc6 bxc6 24. b4 Ng8 25. Kf2 Rdb8 26. Ke3 Ke7 27. Kd2
Kd7 28. g4 Nf6 29. h3 h5 30. g5 Ne8 31. h4 Nc7 32. Kc2 Rxa1 33. Rxa1 Ra8 34.
Rxa8 Nxa8 35. Kb3 {(=)} 1/2-1/2

[Event "South Island Championships"]
[Site "Dunedin NZL"]
[Date "2012.10.12"]
[Round "6.3"]
[White "Johansen, Darryl K"]
[Black "Lukey, Stephen G"]
[Result "1-0"]
[WhiteElo "2446"]
[BlackElo "2236"]
[PlyCount "113"]
[EventDate "2012.10.14"]

1. c4 Nf6 2. Nc3 g6 3. d4 Bg7 4. e4 d6 5. Be2 O-O 6. Bg5 Na6 7. Qd2 e5 8. d5
Nc5 9. f3 a5 10. g4 c6 11. h4 cxd5 12. cxd5 Bd7 13. Nh3 b5 14. Nf2 Qb6 15. h5
Rac8 16. Ncd1 b4 17. Ne3 Bb5 18. h6 Bh8 19. O-O Rc7 20. Rfc1 Rfc8 21. b3 Bxe2
22. Qxe2 Ne8 23. Nc4 Qa6 24. Nd3 Nxd3 25. Qxd3 Bf6 26. Be3 Rb7 27. g5 Bh8 28.
Nb2 Qa8 29. Rxc8 Qxc8 30. Rc1 Qd8 31. Qa6 Rb8 32. Nc4 f6 33. Nxa5 Ra8 34. Nc6
Rxa6 35. Nxd8 Rxa2 36. Rc8 Ra1+ 37. Kg2 Ra2+ 38. Kf1 fxg5 39. Rb8 Bf6 40. Ne6
Kf7 41. Rb7+ Kg8 42. Bxg5 Rh2 43. Bxf6 Nxf6 44. Rg7+ Kh8 45. Rf7 Ng8 46. Rd7
Rxh6 47. Kg2 g5 48. Rxd6 Rg6 49. Rd8 h5 50. Re8 g4 51. d6 gxf3+ 52. Kf2 Rg2+
53. Kxf3 Rd2 54. Rd8 Kh7 55. Ke3 Ra2 56. d7 Ra7 57. Rc8 1-0